Outdoor advertising: proposals for reform (Record no. 62070)

MARC details
000 -LEADER
fixed length control field 00802cam a2200217 4500
001 - CONTROL NUMBER
control field ABS61721
008 - FIXED-LENGTH DATA ELEMENTS--GENERAL INFORMATION
fixed length control field 000000n1999 000 0 eng u
035 ## - SYSTEM CONTROL NUMBER
System control number (Sirsi) u103289
100 ## - MAIN ENTRY--PERSONAL NAME
Personal name Trimbos, J.
245 ## - TITLE STATEMENT
Title Outdoor advertising: proposals for reform
260 ## - PUBLICATION, DISTRIBUTION, ETC.
Date of publication, distribution, etc. 1999
490 ## - SERIES STATEMENT
Series statement Journal of Planning and Environment Law
Volume/sequential designation November 1999, 978-982(5)
520 ## - SUMMARY, ETC.
Summary, etc. Examines the current legislation relating to outdoor advertising and highlights reform proposals. (Taken from journal headnote)
590 ## - LOCAL NOTE (RLIN)
Local note ABS
650 ## - SUBJECT ADDED ENTRY--TOPICAL TERM
Topical term or geographic name entry element OUTDOOR ADVERTISING
650 ## - SUBJECT ADDED ENTRY--TOPICAL TERM
Topical term or geographic name entry element TOWN & COUNTRY PLANNING ACT 1990
650 ## - SUBJECT ADDED ENTRY--TOPICAL TERM
Topical term or geographic name entry element REFORM
650 ## - SUBJECT ADDED ENTRY--TOPICAL TERM
Topical term or geographic name entry element TOWN & COUNTRY PLANNING (CONTROL OF ADVERTISEMENTS) REGULATIONS 1992
690 ## - LOCAL SUBJECT ADDED ENTRY--TOPICAL TERM (OCLC, RLIN)
Topical term or geographic name as entry element ENVIRONMENTAL AND LAND CONSULTANCY-PLANNING AND DEVELOPMENT
942 ## - ADDED ENTRY ELEMENTS (KOHA)
Suppress in OPAC 0
Holdings
Withdrawn status Lost status Source of classification or shelving scheme Damaged status Not for loan Home library Current library Shelving location Date acquired Total Checkouts Full call number Barcode Date last seen Copy number Price effective from Koha item type
    Dewey Decimal Classification     London London Journal article 20/12/1999   ABS61721 103289-1001 06/08/2019 1 06/08/2019 Journal article